000 00507nam a22001817a 4500
005 20251108173112.0
008 250721s2005 xx 000 0 ara d
082 1 4 _a811.009/قرن
100 1 _aالقرني، عائض
245 1 0 _aقصائد قتلت أصحابها /
264 1 _aالرياض :
_bمكتبة العبيكان،
_c2005.
300 _a233ص
650 1 7 _aالشعر العربي
650 1 7 _aالنقد الأدبي
650 1 7 _aالموت
942 _2ddc
_cBK
999 _c96099
_d96099